000 00529 a2200157 4500
999 _c4526
_d4526
020 _a9780748773244
050 _aLC149.7BRA2003
100 _aBray,Carolyn
_eauthor
245 _aClassworks literacy year 3 /
_cCarolyn Bray
264 _aCheltenham :
_bNelson Thornes,
_c2003
300 _a202p. :
500 _aincludes index
650 _a Literacy -- Study and teaching (Elementary) -- Great Britain.
650 _aEnglish language -- Study and teaching (Elementary) -- Activity programs.
942 _2lcc
_cBK
_h149.7
_iBRA
_kLC